Introduction to Literature : (Record no. 5454)

MARC details
000 -LEADER
fixed length control field 01003cam a2200265 a 4500
001 - CONTROL NUMBER
control field 15803841
003 - CONTROL NUMBER IDENTIFIER
control field 20170207142334.0
005 - DATE AND TIME OF LATEST TRANSACTION
control field 20240606080956.0
008 - FIXED-LENGTH DATA ELEMENTS--GENERAL INFORMATION
fixed length control field 090706s2010 maua b 001 0 eng
035 ## - SYSTEM CONTROL NUMBER
System control number (OCoLC)ocn308171851
040 ## - CATALOGING SOURCE
Original cataloging agency DLC
Transcribing agency DLC
Modifying agency YDX
-- BTCTA
-- YDXCP
-- DLC
050 00 - LIBRARY OF CONGRESS CALL NUMBER
Classification number PN6014
Item number .C58 2011
082 00 - DEWEY DECIMAL CLASSIFICATION NUMBER
Classification number 808
Edition information 22
245 00 - TITLE STATEMENT
Title Introduction to Literature :
Remainder of title Norfolk State University
250 ## - EDITION STATEMENT
Edition statement 6th compact ed.
260 ## - PUBLICATION, DISTRIBUTION, ETC.
Place of publication, distribution, etc. Boston :
Name of publisher, distributor, etc. Pearson Custom Library,
Date of publication, distribution, etc. c2011.
300 ## - PHYSICAL DESCRIPTION
Extent liii, 1569 p. :
Other physical details ill. ;
Dimensions 24 cm.
504 ## - BIBLIOGRAPHY, ETC. NOTE
Bibliography, etc. note Includes bibliographical references and indexes.
650 #0 - SUBJECT ADDED ENTRY--TOPICAL TERM
Topical term or geographic name entry element Literature
Form subdivision Collections.
700 1# - ADDED ENTRY--PERSONAL NAME
Personal name Kennedy, X. J.
700 1# - ADDED ENTRY--PERSONAL NAME
Personal name Gioia, Dana.
906 ## - LOCAL DATA ELEMENT F, LDF (RLIN)
a 7
b cbc
c orignew
d 1
e ecip
f 20
g y-gencatlg
942 ## - ADDED ENTRY ELEMENTS (KOHA)
Source of classification or shelving scheme Library of Congress Classification
Koha item type Books
Holdings
Withdrawn status Lost status Source of classification or shelving scheme Damaged status Not for loan Home library Current library Date acquired Total checkouts Full call number Barcode Date last seen Price effective from Koha item type
    Library of Congress Classification     Murang'a University of Technology Library Murang'a University of Technology Library 15/02/2017   PN6014 .C58 2011 005738 30/08/2024 15/02/2017 Books